| 000 | 00437nam a22001697a 4500 | ||
|---|---|---|---|
| 003 | NUST - PNEC | ||
| 005 | 20170116181150.0 | ||
| 008 | 151102b xxu||||| |||| 00| 0 eng d | ||
| 020 | _a0354011995 | ||
| 040 | _cLIBRARY | ||
| 082 | _a940.5421 RUG | ||
| 100 |
_915303 _aRuge, Friedrich |
||
| 245 |
_aRommel in Normandy : reminiscences _cFriedrich Ruge, |
||
| 260 | _cc1979. | ||
| 650 |
_915304 _aWorld War _xGeneral |
||
| 942 |
_2ddc _cBK |
||
| 999 |
_c70893 _d70893 |
||